Parole de Comme un homme - Statistiques

Statistiques générales
  • Ce quiz a été pris 39 fois
  • Le résultat moyen est 199 sur 276
Statistiques - réponses
Réponse % Correct
de
100%
Je
100%
je
100%
le
100%
les
100%
Les
100%
un.
100%
un
100%
et
96%
Et
96%
homme)
96%
homme,
96%
pas
96%
pas.
96%
Vous
96%
vous.
96%
vous
96%
des
93%
en
93%
En
93%
ne
93%
pour
93%
Comme
89%
(Comme
89%
comme
89%
plus
89%
que
89%
hommes,
86%
hommes
86%
Huns.
86%
Huns,
86%
la
86%
86%
vrais
82%
êtes
79%
fille
79%
ils
79%
mon
79%
du
75%
fils ?
75%
défaire
71%
faire
71%
fillettes.
71%
me
71%
n'en
71%
vois
71%
volcans.
71%
Attaquons
68%
leurs
68%
l'exercice
68%
par
68%
tout.
68%
tout
68%
au
64%
donné
64%
moi.
64%
moi ?
64%
M'ont
64%
qui
64%
sois
64%
cours
61%
feu
61%
Mais
61%
mais
61%
torrent.
61%
mes
57%
contre
54%
flèche
54%
ouragans.
54%
saurai
54%
suis
54%
tous
54%
voyait
54%
ardent
50%
bande
50%
coups
50%
coups.
50%
fragiles
50%
n'aurai
50%
puissant
50%
qu'une
50%
sais
50%
sécher
50%
serez
50%
violent
50%
femmelettes.
46%
gym.
46%
J'aurai
46%
n'êtes
46%
régime.
46%
s'il
46%
vers
46%
amis
43%
cœur.
43%
frappe
43%
mettre
43%
plein
43%
Ce
39%
l'équilibre,
39%
nuits
39%
trouvant
39%
vainqueurs.
39%
vibre,
39%
l'orient.
36%
l'orient
36%
nager
36%
gars
32%
lune
32%
Salut
32%
bout
29%
chez
29%
forts.
29%
rentrez
29%
âge,
25%
demain.
25%
jours
25%
jusqu'au
25%
Secret
25%
sont
25%
vaillants
25%
chemin.
21%
jamais
21%
passent
21%
peux
21%
très
21%
bien
18%
flanque
18%
fois.
18%
loin.
18%
Suivez
18%
vivrez
18%
n'serez
14%
torrents.
11%
Aucun quiz correspondant
Distribution des résultats
% des personnes avec chaque résultat
Percentile par nombre de réponses
Votre historique - résultats
Vous n’avez pas pris ce quiz